000 00926nam a22002897a 4500
001 9314
003 FISKH
005 20251210095602.0
008 251210b cb ||||| |||| 00| 0 eng d
020 _a9781400305506
040 _aFISKH
_beng
_cFISKH
_dFISKH
050 _aPZ7.S6596 S
082 _a813.6
100 _aSmith, Todd Aaron
_eAuthor
245 _aThe scarecrow and the spider /
_cWritten and illustrated by Todd Aaron Smith
260 _aTennessee :
_bTommy Nelson ,
_c2005
300 _a30 unnumbered pages :
_bcolor illustrations ;
_c26 cm
505 _aJ
520 _aBenny, a lonely scarecrow, befriends a spider who explains that God is always watching over both of them.
521 8 _a500
_bLexile estimate
521 8 _aJ
_bRaz-Plus
650 _aKindness
_vLoneliness
650 _aPicture book
_vFarm
700 _aSmith, Todd Aaron
_eIllustrator
942 _2ddc
_cBK
_n0
999 _c9314
_d9314